Charly y la máquina de hacer música : un viaje por el estilo musical de Charly García (1972-1996) /
Guardado en:
| Autor principal: | |
|---|---|
| Formato: | Libro |
| Idioma: | Español |
| Publicado: |
Buenos Aires, Argentina :
Gourmet Musical,
2021, c2021
|
| Edición: | 2a edición |
| Temas: | |
| Etiquetas: |
Sin etiquetas, Sé el primero en etiquetar este registro!
|
MARC
| LEADER | 00000nam^a2200000^a^4500 | ||
|---|---|---|---|
| 001 | 000453165 | ||
| 005 | 20250521000000.0 | ||
| 009 | 20260310123854.893 | ||
| 020 | |a 978-987-3823-54-1 | ||
| 037 | |a Acervo ITESO - Biblioteca | ||
| 041 | |a ESP | ||
| 082 | |a 787. 10982 |b MAD | ||
| 100 | |a Madoery, Diego |e (autor) | ||
| 245 | 1 | 0 | |a Charly y la máquina de hacer música : |b un viaje por el estilo musical de Charly García (1972-1996) / |c D. Madoery. |
| 250 | |a 2a edición |b corregida | ||
| 264 | 4 | |a Buenos Aires, Argentina : |b Gourmet Musical, |c 2021, c2021 | |
| 300 | |a 213 p. | ||
| 336 | |a texto |b txt |2 rdacontenido | ||
| 337 | |a sin mediación |b n |2 rdamedio | ||
| 338 | |a volumen |b nc |2 rdasoporte | ||
| 649 | |a XX | ||
| 650 | |a Músicos Argentinos | ||
| 650 | |a Banda (de Jazz, Rock, etc.) - |z Argentina | ||
| 650 | |a Rock - |z Argentina - |x Historia y Crítica - |x Tema Principal | ||
| 650 | |a Música Vocal - |z Argentina - |x Historia y Crítica | ||
| 650 | |a Música Popular Moderna - |z Argentina - |x Historia y Crítica | ||
| 650 | |a Música Popular - |z Argentina - |x Historia y Crítica | ||
| 650 | |a Música Moderna - |z Argentina - |x Historia y Crítica | ||
| 650 | |a Música Argentina - |x Historia y Crítica | ||
| 650 | |a Música Argentina - |y Siglo XX | ||
| 650 | |a García, Charly - |x Tema Principal | ||
| 910 | |a Fondo General | ||
| 920 | |a Impresos - Libros | ||
| 930 | |a Colección General | ||
| 905 | |a 101 | ||
| 901 | |a 0500368608 |b IT1 |c ACC |i C179572 |u 20250521 | ||
| 902 | |a https://opac.biblio.iteso.mx/vufind/Record/000453165 | ||